Flagg i Europa - Statistics

General Stats
  • This quiz has been taken 547 times
  • The average score is 32 of 45
Answer Stats
Picture Answer % Correct
Tyskland
98%
Norge
96%
Spania
96%
Sverige
95%
Island
94%
Storbritannia
94%
Danmark
93%
Finland
93%
Frankrike
93%
Hellas
93%
Portugal
93%
Russland
88%
Italia
86%
Irland
84%
Nederland
83%
Ukraina
83%
Sveits
81%
Albania
78%
Polen
78%
Belgia
76%
Malta
72%
Luxembourg
70%
Nord-Makedonia
70%
Latvia
69%
Østerrike
69%
San Marino
67%
Estland
66%
Vatikanstaten
64%
Kroatia
60%
Tsjekkia
59%
Romania
58%
Ungarn
58%
Slovakia
57%
Serbia
56%
Bosnia & Herzegovina
55%
Slovenia
55%
Bulgaria
54%
Monaco
54%
Litauen
52%
Belarus
50%
Kosovo
48%
Andorra
42%
Moldova
40%
Montenegro
37%
Liechtenstein
35%
No matching quizzes found
Score Distribution
Percent of People with Each Score
Percentile by Number Answered
Your Score History
You have not taken this quiz